00467nam a22001697a 450000500170000001000150001702000220003203500130005403700130006708200110008010000200009124500720011126000340018327000390021730000220025665000190027820100817112348.0 aENG-100679 a8174251138c75.00 aEN-84212 bDBAD/PUB a929.92 aDandekar , Anil aIntroduction of nations and some national flags /cby Anil Dandekar aPunebUtkarsh Prakashanc200? a701, Deccan GymkhanabPunee411004 a100p.c21cm (pbk) aNational flags